[Event "Mittelfr. Einzelmeisterschaft 2024 - HT"]
[Site "Nürnberg"]
[Date "2024.03.31"]
[Round "7.2"]
[White "Heidrich, Manfred"]
[Black "Auburger, Philipp"]
[Result "1-0"]
[WhiteElo "2280"]
[BlackElo "1990"]
[PlyCount "143"]
[EventDate "2024.??.??"]
[WhiteTeam "SC Forchheim e.V."]
[BlackTeam "SC Forchheim e.V."]

1. f4 Nf6 2. Nf3 d5 3. g3 g6 4. Bg2 Bg7 5. O-O O-O 6. d3 c5 7. Qe1 Nc6 8. e4
dxe4 9. dxe4 e5 10. Nc3 Re8 11. fxe5 Nxe5 12. Nxe5 Qd4+ 13. Be3 Qxe5 14. Bf4
Qh5 15. h4 Bg4 16. Bg5 Re6 17. e5 Nd7 18. Qf2 Rxe5 19. Qxf7+ Kh8 20. Ne4 Rf8
21. Qb3 Ref5 22. Nd6 Rxf1+ 23. Rxf1 Rxf1+ 24. Bxf1 h6 25. Bf4 b6 26. c3 Nf6 27.
Be5 Bd1 28. Qc4 Qf3 29. Qd3 Qxd3 30. Bxd3 g5 31. hxg5 hxg5 32. Nf7+ Kg8 33.
Nxg5 Ng4 34. Bc4+ Kh8 35. Nf7+ Kh7 36. Bxg7 Kxg7 37. Nd6 Ne5 38. Bb5 Bg4 39.
Kf2 Kf6 40. Ke3 Be6 41. b3 Ng4+ 42. Kf4 Nh6 43. Bc4 Bd7 44. Ne4+ Ke7 45. Be2
Nf7 46. g4 Nh8 47. g5 Ng6+ 48. Ke3 a5 49. Nf6 Be6 50. Bg4 Bf7 51. c4 Kd6 52. a4
Ne5 53. Bf5 Nxc4+ 54. bxc4 Bxc4 55. Bd3 Be6 56. Ne4+ Ke5 57. Nd2 c4 58. Nxc4+
Bxc4 59. Bxc4 Kf5 60. Kd4 Kxg5 61. Kd5 Kf5 62. Bb5 Kf6 63. Kc6 Ke7 64. Kxb6 Kd6
65. Kxa5 Kc7 66. Ka6 Kb8 67. Kb6 Ka8 68. a5 Kb8 69. a6 Ka8 70. Bd7 Kb8 71. a7+
Ka8 72. Bc6# 1-0

[Event "Mittelfr. Einzelmeisterschaft 2024 - HT"]
[Site "Nürnberg"]
[Date "2024.03.31"]
[Round "7.3"]
[White "Bildt, Maximilian"]
[Black "Redzepovic, Irfan"]
[Result "0-1"]
[WhiteElo "2102"]
[BlackElo "2047"]
[PlyCount "66"]
[EventDate "2024.??.??"]
[WhiteTeam "SGem 1882 Fürth"]
[BlackTeam "SC Schwarz-Weiß Nürnberg Süd e.V"]

1. e4 e5 2. Nf3 Nc6 3. Bb5 a6 4. Ba4 Nf6 5. O-O Be7 6. Re1 b5 7. Bb3 O-O 8. a4
Bb7 9. d3 h6 10. Nc3 b4 11. Ne2 Re8 12. Ng3 Bf8 13. c3 d5 14. Qe2 a5 15. h3 Rb8
16. Qc2 bxc3 17. bxc3 Ba6 18. exd5 Nxd5 19. d4 Nf4 20. Nxe5 Nxe5 21. Bxf4 Bc4
22. Bxc4 Nxc4 23. Rxe8 Qxe8 24. Bxc7 Rb2 25. Qd3 Qc6 26. Bf4 Nb6 27. Nf1 Nxa4
28. c4 Rb4 29. Ne3 Nb2 30. Qc2 Nxc4 31. d5 Qf6 32. Rc1 Na3 33. Qd2 Qxf4 0-1

[Event "Mittelfr. Einzelmeisterschaft 2024 - HT"]
[Site "Nürnberg"]
[Date "2024.03.31"]
[Round "7.4"]
[White "Link, Andreas"]
[Black "Meulner, Klaus"]
[Result "1/2-1/2"]
[WhiteElo "2064"]
[BlackElo "2029"]
[PlyCount "137"]
[EventDate "2024.??.??"]
[WhiteTeam "Spvg Zabo-Eintracht Nürnberg e.V"]
[BlackTeam "SC Schwarz-Weiß Nürnberg Süd e.V"]

1. e4 d5 2. exd5 Qxd5 3. Nc3 Qa5 4. d4 Nf6 5. Bc4 Bg4 6. f3 Bd7 7. Qe2 Nc6 8.
Be3 O-O-O 9. O-O-O e6 10. Nh3 Nb4 11. Kb1 Nbd5 12. Nxd5 exd5 13. Bd3 Re8 14.
Qf2 Qb6 15. Nf4 Bd6 16. Bc1 Bb4 17. Ka1 c6 18. g4 g6 19. g5 Ng8 20. c4 Ne7 21.
a3 dxc4 22. Bxc4 Bd6 23. Nd3 Nd5 24. Bxd5 cxd5 25. Bf4 Bxf4 26. Nxf4 Qd6 27.
Nd3 h6 28. Ne5 Be6 29. h4 h5 30. Qd2 Kb8 31. Qb4 Qxb4 32. axb4 Rc8 33. Rc1
Rxc1+ 34. Rxc1 Rc8 35. Rc3 a6 36. Ka2 Rxc3 37. bxc3 Kc7 38. Kb3 Kd6 39. Kc2 Ke7
40. Kd3 Bf5+ 41. Ke3 Be6 42. Nd3 b6 43. Ne5 Kd6 44. Kd2 Ke7 45. Kd3 Bf5+ 46.
Ke3 Be6 47. Kd3 Bh3 48. Ke2 Bd7 49. Kd3 Bb5+ 50. Kd2 Ke6 51. Kc2 Ba4+ 52. Kb2
Be8 53. c4 dxc4 54. Nxc4 f6 55. gxf6 Kxf6 56. f4 a5 57. bxa5 bxa5 58. Ne3 Ke6
59. Kc3 Bb5 60. Kb3 Bd7 61. Kc3 Bb5 62. Kb3 Bd7 63. Kc4 a4 64. Kb4 Kd6 65. Kc4
Be6+ 66. Kb4 Bb3 67. Kc3 Kc6 68. Kb4 Kd6 69. Kc3 1/2-1/2

[Event "Mittelfr. Einzelmeisterschaft 2024 - HT"]
[Site "Nürnberg"]
[Date "2024.03.31"]
[Round "7.5"]
[White "Kanewski, Josef"]
[Black "Pranava Ravikumar"]
[Result "0-1"]
[WhiteElo "1975"]
[BlackElo "1915"]
[PlyCount "46"]
[EventDate "2024.??.??"]
[WhiteTeam "SC Schwarz-Weiß Nürnberg Süd e.V"]
[BlackTeam "SC Schwarz-Weiß Nürnberg"]

1. d4 f5 2. Nf3 Nf6 3. g3 e6 4. Bg2 d5 5. O-O Nbd7 6. b3 Bd6 7. Bb2 O-O 8. c4
c6 9. Nc3 Ne4 10. Nd2 Ndf6 11. Ndxe4 dxe4 12. e3 Qe7 13. Qd2 Bd7 14. Rad1 Rad8
15. Rfe1 Be8 16. Rf1 Bh5 17. Ne2 h6 18. Rde1 Bf3 19. Nc3 Qf7 20. Bxf3 exf3 21.
e4 Qh5 22. Qd3 Ng4 23. h4 f4 0-1

[Event "Mittelfr. Einzelmeisterschaft 2024 - HT"]
[Site "Nürnberg"]
[Date "2024.03.31"]
[Round "7.6"]
[White "Alf, Michael"]
[Black "Mederer, Lukas"]
[Result "1-0"]
[WhiteElo "2028"]
[BlackElo "1901"]
[PlyCount "57"]
[EventDate "2024.??.??"]
[WhiteTeam "SK Leutershausen"]
[BlackTeam "Allersberger SC 2000 e.V."]

1. Nf3 d5 2. g3 Nf6 3. Bg2 Bg4 4. c4 e6 5. O-O Nbd7 6. d3 Be7 7. b3 O-O 8. Bb2
c5 9. Qc2 Rb8 10. Nbd2 b5 11. cxb5 Rxb5 12. e4 d4 13. Nc4 Bxf3 14. Bxf3 e5 15.
Be2 Ne8 16. f4 g6 17. fxe5 Qc7 18. e6 fxe6 19. Bg4 Ng7 20. Rxf8+ Bxf8 21. Rf1
h5 22. Bh3 Rb8 23. Qf2 Ne5 24. Nxe5 Qxe5 25. Qf7+ Kh7 26. Bc1 g5 27. Rf6 Bd6
28. Qg6+ Kh8 29. Qh6+ 1-0

[Event "Mittelfr. Einzelmeisterschaft 2024 - HT"]
[Site "Nürnberg"]
[Date "2024.03.31"]
[Round "7.7"]
[White "Zeltner, Ottmar"]
[Black "König, Oliver"]
[Result "1/2-1/2"]
[WhiteElo "1972"]
[BlackElo "2011"]
[PlyCount "25"]
[EventDate "2024.??.??"]
[WhiteTeam "SK Rothenburg e.V."]
[BlackTeam "SGem 1882 Fürth"]

1. e4 Nc6 2. d4 e5 3. Nf3 exd4 4. Nxd4 Bc5 5. Be3 Qf6 6. c3 Qg6 7. Nd2 Nf6 8.
Qf3 Ng4 9. Nf5 Nxe3 10. Nxe3 O-O 11. O-O-O Ne5 12. Qe2 Bxe3 13. Qxe3 1/2-1/2

[Event "Mittelfr. Einzelmeisterschaft 2024 - HT"]
[Site "Nürnberg"]
[Date "2024.03.31"]
[Round "7.8"]
[White "Kroneder, Christian"]
[Black "Vennemann, Jürgen"]
[Result "1/2-1/2"]
[WhiteElo "2034"]
[BlackElo "1896"]
[PlyCount "58"]
[EventDate "2024.??.??"]
[WhiteTeam "SK Schwanstetten 79 e.V."]
[BlackTeam "SC Hersbruck"]

1. e4 d6 2. d4 Nf6 3. Nc3 e5 4. Nf3 Nbd7 5. a4 a5 6. Be2 Be7 7. O-O O-O 8. h3
b6 9. Re1 Bb7 10. d5 c6 11. dxc6 Bxc6 12. Bb5 Bb7 13. Bg5 h6 14. Bd2 Nc5 15.
Bd3 Re8 16. Qe2 Nxd3 17. Qxd3 Qd7 18. Rad1 Qe6 19. Be3 Ba6 20. Nb5 Rab8 21. c4
Bxb5 22. axb5 Rec8 23. b3 a4 24. Nd2 axb3 25. Qxb3 Nd7 26. Rc1 Bg5 27. Nb1 Nc5
28. Qc2 Ra8 29. Nc3 Bxe3 1/2-1/2